Battle heroes : (Record no. 5442)

MARC details
000 -LEADER
fixed length control field 00938nam a22003017a 4500
001 - CONTROL NUMBER
control field 5442
003 - CONTROL NUMBER IDENTIFIER
control field FISKH
005 - DATE AND TIME OF LATEST TRANSACTION
control field 20241206140815.0
008 - FIXED-LENGTH DATA ELEMENTS--GENERAL INFORMATION
fixed length control field 241206b cb ||||| |||| 00| 0 eng d
020 ## - INTERNATIONAL STANDARD BOOK NUMBER
International Standard Book Number 9780545206426
040 ## - CATALOGING SOURCE
Original cataloging agency FISKH
Language of cataloging eng
Transcribing agency FISKH
Modifying agency FISKH
050 ## - LIBRARY OF CONGRESS CALL NUMBER
Classification number DS371.413
082 ## - DEWEY DECIMAL CLASSIFICATION NUMBER
Classification number 958.104
100 ## - MAIN ENTRY--PERSONAL NAME
Personal name Zullo, Allan
245 ## - TITLE STATEMENT
Title Battle heroes :
Remainder of title voices from Afghanistan /
Statement of responsibility, etc. by Allan Zullo
250 ## - EDITION STATEMENT
Edition statement First Scholastic prining, September 2010
260 ## - PUBLICATION, DISTRIBUTION, ETC.
Place of publication, distribution, etc. New York :
Name of publisher, distributor, etc. Scholastic ;
Date of publication, distribution, etc. 2010 .
300 ## - PHYSICAL DESCRIPTION
Extent 159 pages :
Other physical details illustrations ;
Dimensions 20 cm .
490 ## - SERIES STATEMENT
Series statement Ten true tales
505 ## - FORMATTED CONTENTS NOTE
Formatted contents note Z <br/>
520 ## - SUMMARY, ETC.
Summary, etc. Ten stories of American heroes who have risked their lives for their country while fighting in the Afghan War.
521 8# - TARGET AUDIENCE NOTE
Target audience note 1090 <br/>
Source Lexile <br/>
521 8# - TARGET AUDIENCE NOTE
Target audience note Z <br/>
Source Raz-Plus <br/>
650 ## - SUBJECT ADDED ENTRY--TOPICAL TERM
Topical term or geographic name entry element Afghanistan
Form subdivision Non-fiction
650 ## - SUBJECT ADDED ENTRY--TOPICAL TERM
Topical term or geographic name entry element military
Form subdivision Non-fiction
942 ## - ADDED ENTRY ELEMENTS (KOHA)
Source of classification or shelving scheme Dewey Decimal Classification
Koha item type Books
Suppress in OPAC No
Holdings
Withdrawn status Lost status Source of classification or shelving scheme Damaged status Not for loan Collection Home library Current library Shelving location Date acquired Total Checkouts Full call number Barcode Date last seen Copy number Price effective from Koha item type
    Dewey Decimal Classification     Non-Fiction Footprints International School Library Network Toul Kork Campus Footprints International School Library Network Toul Kork Campus TTP Secondary Non-Fiction Bookshelves 12/06/2024   ZUL 958.104 DS371.413 FISSE00387 12/06/2024 1 12/06/2024 Books
    Dewey Decimal Classification     Non-Fiction Footprints International School Library Network Toul Kork Campus Footprints International School Library Network Toul Kork Campus TTP Secondary Non-Fiction Bookshelves 12/06/2024   ZUL 958.104 DS371.413 FISSE00388 12/06/2024 2 12/06/2024 Books